Statystyki dla Największe miejscowości w pow. Gostynińskim

Kliknij tutaj aby rozwiązać quiz!

Ogólne statystyki

  • Ten quiz został rozwiązany 3 razy
  • Średni wynik to 7 z 15

Statystyki odpowiedzi

PopulacjaOdpowiedź% Poprawnych
17 207Gostynin
100%
1776Sanniki
100%
437Bierzewice
50%
395Czyżew
50%
691Gorzewo
50%
513Lucień
50%
401Osmolin
50%
396Pacyna
50%
264Rogożewek
50%
301Sierakówek
50%
574Szczawin Kościelny
50%
261Józefków
0%
379Legarda
0%
261Leśniewice
0%
249Miałkówek
0%

Rozkład punktacji

Percentyl według liczby udzielonych odpowiedzi

Procent ludzi z każdym wynikiem

Twoja historia wyników

Nie rozwiązałeś tego quizu